000 00534cam a2200181 a 4500
020 _a0415103789 :
040 _cDLC
082 0 0 _a333 ROU 1994 A069 Or.
100 1 _aWinpenny, J. T.
245 1 0 _aManaging water as an economic resource /
260 _aLondon ;
_aNew York :
_bRoutledge,
_c1994.
300 _aviii, 133 p. :
_bill. ;
_c22 cm.
650 0 _aWater-supply
650 0 _aWater-supply
650 0 _aWater resources development.
856 4 2 _uhttp://www.loc.gov/catdir/enhancements/fy0648/93010560-d.html
942 _cEK
999 _c14652
_d14652